Модель плавления и переноса электродного металла при сварке порошковой проволокой; Неразрушающий контроль: электронное приборостроение, технологии, безопасность; Т. 2

Bibliografiske detaljer
Parent link:Неразрушающий контроль: электронное приборостроение, технологии, безопасность: сборник трудов III Всероссийской научно-практической конференции студентов, аспирантов и молодых учёных, Томск, 27-31 мая 2013 г./ Национальный исследовательский Томский политехнический университет (ТПУ).— , 2013
Т. 2.— 2013.— [С. 83-86]
Hovedforfatter: Зевакин И. А.
Institution som forfatter: Национальный исследовательский Томский политехнический университет (ТПУ) Институт неразрушающего контроля (ИНК) Кафедра оборудования и технологии сварочного производства (ОТСП)
Andre forfattere: Князьков А. Ф. Анатолий Фёдорович (научный руководитель)
Summary:Заглавие с титульного экрана
Sprog:russisk
Udgivet: 2013
Serier:Современные системы и технологии в неразрушающем контроле
Fag:
Online adgang:http://www.lib.tpu.ru/fulltext/c/2013/C36/V2/025.pdf
Format: Electronisk Book Chapter
KOHA link:https://koha.lib.tpu.ru/cgi-bin/koha/opac-detail.pl?biblionumber=603402

MARC

LEADER 00000naa2a2200000 4500
001 603402
005 20260305091607.0
035 |a (RuTPU)RU\TPU\conf\586 
035 |a RU\TPU\conf\581 
090 |a 603402 
100 |a 20140115d2013 k y0rusy50 ca 
101 0 |a rus 
102 |a RU 
135 |a drnn ---uucaa 
181 0 |a i  
182 0 |a b 
200 1 |a Модель плавления и переноса электродного металла при сварке порошковой проволокой  |f И. А. Зевакин, А. Ф. Князьков  |g науч. рук. А. Ф. Князьков 
203 |a Текст  |c электронный 
225 1 |a Современные системы и технологии в неразрушающем контроле 
300 |a Заглавие с титульного экрана 
320 |a [Библиогр.: с. 86 (2 назв.)] 
337 |a Adobe Reader 
461 1 |0 (RuTPU)RU\TPU\conf\33  |t Неразрушающий контроль: электронное приборостроение, технологии, безопасность  |o сборник трудов III Всероссийской научно-практической конференции студентов, аспирантов и молодых учёных, Томск, 27-31 мая 2013 г.  |o в 2 т.  |f Национальный исследовательский Томский политехнический университет (ТПУ)  |d 2013 
463 1 |0 (RuTPU)RU\TPU\conf\35  |t Т. 2  |v [С. 83-86]  |d 2013 
610 1 |a труды учёных ТПУ 
610 1 |a электронный ресурс 
610 1 |a плавление 
610 1 |a перенос 
610 1 |a электродные материалы 
610 1 |a сварка 
610 1 |a порошковая проволока 
610 1 |a проволока 
700 1 |a Зевакин  |b И. А. 
701 1 |a Князьков  |b А. Ф.  |c российский ученый, специалист в области сварки  |c доцент Института неразрушающего контроля Томского политехнического университета  |c доцент Юргинского технологического института (филиал) Томского политехнического университета  |f 1939-  |g Анатолий Фёдорович  |3 (RuTPU)RU\TPU\pers\27411 
702 1 |a Князьков  |b А. Ф.  |c российский ученый, специалист в области сварки  |c доцент Института неразрушающего контроля Томского политехнического университета  |c доцент Юргинского технологического института (филиал) Томского политехнического университета  |f 1939-  |g Анатолий Фёдорович  |4 727 
712 0 2 |a Национальный исследовательский Томский политехнический университет (ТПУ)  |b Институт неразрушающего контроля (ИНК)  |b Кафедра оборудования и технологии сварочного производства (ОТСП)  |3 (RuTPU)RU\TPU\col\18708 
801 2 |a RU  |b 63413507  |c 20230522  |g RCR 
856 4 |u http://www.lib.tpu.ru/fulltext/c/2013/C36/V2/025.pdf 
942 |c BK